MARC details
| 000 -CABECERA |
| campo de control de longitud fija |
01384cas a2200313 a 4500 |
| 005 - FECHA Y HORA DE LA ÚLTIMA TRANSACCIÓN |
| campo de control |
20240925065631.0 |
| 006 - ELEMENTOS DE LONGITUD FIJA – CARACTERÍSTICAS DE MATERIALES ADICIONALES – INFORMACIÓN GENERAL |
| campo de control de longitud fija |
s|||||o|||| 00| 0 |
| 008 - ELEMENTOS DE LONGITUD FIJA--INFORMACIÓN GENERAL |
| campo de control de longitud fija |
991125c1991 sp fr p|o 000 0 spa d |
| 022 ## - NÚMERO INTERNACIONAL NORMALIZADO PARA PUBLICACIONES SERIADAS |
| Número Internacional Normalizado para Publicaciones Seriadas |
2340-4507 |
| 035 ## - NÚMERO DE CONTROL DEL SISTEMA |
| Número de control de sistema |
UPN01000235885 |
| 040 ## - FUENTE DE LA CATALOGACIÓN |
| Centro catalogador/agencia de origen |
MX-MxUPN |
| Lengua de catalogación |
spa |
| Normas de descripción |
aacr2 |
| 049 ## - COLECCIÓN |
| Colección |
REV-E |
| 245 00 - MENCIÓN DE TÍTULO |
| Título |
Acciones e investigaciones sociales |
| Medio |
[recurso electrónico en línea] |
| 260 ## - PUBLICACIÓN, DISTRIBUCIÓN, ETC. |
| Lugar de publicación, distribución, etc. |
España : |
| Nombre del editor, distribuidor, etc. |
Universidad de Zaragoza, Facultad de Ciencias Sociales y del Trabajo, |
| Fecha de publicación, distribución, etc. |
1991- |
| 310 ## - FRECUENCIA ACTUAL DE LA PUBLICACION |
| Periodicidad actual |
Semestral |
| 362 0# - FECHAS DE PUBLICACIÓN Y/O DESIGNACIÓN SECUENCIAL |
| Fecha de publicación y/o designación secuencial |
1991- |
| 506 0# - NOTA DE RESTRICCIONES AL ACCESO |
| Limitaciones de acceso |
Acceso abierto |
| 510 1# - NOTA DE CITAS O REFERENCIAS BIBLIOGRÁFICAS |
| Nombre de la fuente |
Dialnet |
| 510 1# - NOTA DE CITAS O REFERENCIAS BIBLIOGRÁFICAS |
| Nombre de la fuente |
Doaj |
| 510 1# - NOTA DE CITAS O REFERENCIAS BIBLIOGRÁFICAS |
| Nombre de la fuente |
Latindex |
| 520 1# - NOTA DE RESUMEN, ETC. |
| Sumario, etc. |
"La publicación tiene carácter pluridisciplinar, dado que en ella tienen cabida artículos vinculados a las diferentes disciplinas científicas que se imparten en el ámbito de la temática de estudio en la Facultad de Ciencias Sociales y del Trabajo: Relaciones Laborales, Mercado Laboral, Derecho del Trabajo, Contabilidad de Empresas, Trabajo Social, Servicios Sociales, Política Social, Economía Social, Estado del Bienestar". |
| Fuente proveedora |
Acciones e investigaciones sociales |
| 650 #4 - ASIENTO SECUNDARIO DE MATERIA - TERMINO TEMATICO |
| Término de materia o nombre geográfico como elemento de entrada |
Ciencias sociales |
| 9 (RLIN) |
9133 |
| 650 #4 - ASIENTO SECUNDARIO DE MATERIA - TERMINO TEMATICO |
| Término de materia o nombre geográfico como elemento de entrada |
Trabajo social |
| 9 (RLIN) |
6125 |
| 650 #4 - ASIENTO SECUNDARIO DE MATERIA - TERMINO TEMATICO |
| Término de materia o nombre geográfico como elemento de entrada |
Mercado laboral |
| 9 (RLIN) |
9469 |
| 650 #4 - ASIENTO SECUNDARIO DE MATERIA - TERMINO TEMATICO |
| Término de materia o nombre geográfico como elemento de entrada |
Sociología |
| 9 (RLIN) |
5756 |
| 856 40 - LOCALIZACIÓN Y ACCESO ELECTRÓNICOS |
| Identificador Uniforme del Recurso |
<a href="https://papiro.unizar.es/ojs/index.php/ais/issue/view/247">https://papiro.unizar.es/ojs/index.php/ais/issue/view/247</a> |
| 905 ## - TIPO DE MATERIAL |
| Tipo de material |
Revista |
| 942 ## - ELEMENTOS DE PUNTO DE ACCESO ADICIONAL (KOHA) |
| Tipo de ítem Koha |
Revista Electrónica |